000 00606nam a2200217 4500
001 123653
003 ES-MaACL
005 20230906192220.0
007 t|
008 070214s1985 sp r ||||1| spa d
020 _a84-205-1121-8
100 1 _aQuintana Fernández, J.
_994685
245 1 0 _aPsicología de la conducta
_b: análisis histórico /
_cJ. Quintana Fernández.
250 _a1ª. ed.
260 _aMadrid :
_bAlhambra,
_c1985.
300 _a553 p. ;
_c24 cm.
490 1 _aUniversidad
830 0 _aUniversidad
_9178301
852 _aES-MaACL
_jL-10780
_bR.111719
999 _c123653
_d123653